Statistics for Terraria General Knowledge #1

Click here to take the quiz!

General Stats

  • This quiz has been taken 974 times
    (966 since last reset)
  • The average score is 11 of 23

Answer Stats

HintAnswer% Correct
Highest Value CoinPlatinum
96%
Must Be Defeated To Enter HardmodeWall Of Flesh
87%
Rare SlimePinky
76%
Most Powerful Pre-Hardmode SwordNight's Edge
72%
Rare Drop Form Demon EyeBlack Lens
70%
Item That Prevents Fall DamageLucky Horseshoe
65%
Most Powerful Hardmode SwordTerra Blade
63%
Item Found In Crimson ChestVampire Knives
58%
Most Powerful Modifier For MeleeLegendary
54%
Item Found In Hallowed ChestRainbow Gun
51%
Best Accessory ItemAnkh Shield
47%
Lowest Tier ColorGray
44%
Best Armour For MagicSpectre
44%
Most Powerful Modifier For RangedUnreal
44%
Item Found In Jungle ChestPiranha Gun
41%
Most Powerful Modifier For MagicMythical
40%
Rare Drop From Werewolf'sMoon Charm
39%
Debuff That Half's DefenceBroken Armor
34%
Item Found In Corruption ChestScourge Of The Corruptor
26%
Item Found In Ice ChestStaff Of The Frost Hydra
26%
Rare Drop From Undead VikingViking Helmet
25%
Highest Tier ColorCyan
17%
Pet Item Dropped From MimicToy Sled
6%

Score Distribution

Percentile by Number Answered

Percent of People with Each Score

Your Score History

You have not taken this quiz since the last reset